| 000 -LEADER |
| fixed length control field |
00983cam a22002897a 4500 |
| 001 - CONTROL NUMBER |
| control field |
16096183 |
| 005 - DATE AND TIME OF LATEST TRANSACTION |
| control field |
20180308082419.0 |
| 008 - FIXED-LENGTH DATA ELEMENTS--GENERAL INFORMATION |
| fixed length control field |
100218s2011 njua 001 0 eng d |
| 010 ## - LIBRARY OF CONGRESS CONTROL NUMBER |
| LC control number |
2010286311 |
| 015 ## - NATIONAL BIBLIOGRAPHY NUMBER |
| National bibliography number |
GBA992400 |
| Source |
bnb |
| 016 7# - NATIONAL BIBLIOGRAPHIC AGENCY CONTROL NUMBER |
| Record control number |
015375973 |
| Source |
Uk |
| 020 ## - INTERNATIONAL STANDARD BOOK NUMBER |
| International Standard Book Number |
0470473525 (pbk.) |
| 020 ## - INTERNATIONAL STANDARD BOOK NUMBER |
| International Standard Book Number |
9780470473528 (pbk.) |
| 035 ## - SYSTEM CONTROL NUMBER |
| System control number |
(OCoLC)ocn440116409 |
| 040 ## - CATALOGING SOURCE |
| Original cataloging agency |
UKM |
| Transcribing agency |
UKM |
| Modifying agency |
ZQP |
| -- |
YDXCP |
| -- |
DLC |
| 041 ## - LANGUAGE CODE |
| Language code of text/sound track or separate title |
eng |
| 042 ## - AUTHENTICATION CODE |
| Authentication code |
lccopycat |
| 080 ## - UNIVERSAL DECIMAL CLASSIFICATION NUMBER |
| Universal Decimal Classification number |
338 KEL |
| 100 1# - Rafti |
| Rafti |
54 |
| 101 ## - Shkurtesa |
| Shkurtesa |
MIS |
| 245 10 - TITLE STATEMENT |
| Title |
Introduction to information systems / |
| Statement of responsibility, etc |
R. Kelly Rainer, Casey G. Cegielski. |
| 246 14 - VARYING FORM OF TITLE |
| Title proper/short title |
Introduction to information systems : |
| Remainder of title |
supporting and transforming business |
| 246 3# - VARYING FORM OF TITLE |
| Title proper/short title |
Information systems : |
| Remainder of title |
supporting and transforming business |
| 906 ## - LOCAL DATA ELEMENT F, LDF (RLIN) |
| a |
7 |
| b |
cbc |
| c |
copycat |
| d |
2 |
| e |
ncip |
| f |
20 |
| g |
y-gencatlg |
| 942 ## - ADDED ENTRY ELEMENTS (KOHA) |
| Source of classification or shelving scheme |
|
| Item type |
Books |